000 01403nam a22002777a 4500
999 _c22225
_d22225
003 AR-CdUCM
008 190425b ||||| |||| 00| 0 spa d
040 _aMUNICIPALIDAD PROVINCIAL DEL CUSCO
_cBIBLIOTECA MUNICIPAL DEL CUSCO
082 _aCultura/N°1/1999
245 _aCultura y Patrimonio :
_bórgano del comité cívico de Defensa del Patrimonio Cultural del Cusco /
260 _aCusco.
_bPantigozo,
_c1999.
300 _a23 páginas. :
_bilustraciones ;
_c29 cm.
440 _aCultura y Patrimonio.
_nN°1, agosto 1999.
_947679
505 _aContenido: Desarrollo urbano, patrimonio cultural y turismo. -- Recuperemos Sacsayhuaman para los cusqueños del futuro. -- La cultura patrimonial en el poblador urbano del Cusco. -- Los enigmas de Machupicchu. -- Nuevo fracaso de la educación bilingüe intercultural. -- Chinchaypucyo valle sagrado de los Inkas Yupac Yupanquiy Wayna Qapaq. -- Construcciones atípicas en el centro histórico.
650 _aSociedad cusqueña
_947493
650 _aBarrios populares
_947677
650 _aCentro Histórico Cusco
_946767
700 _aVillegas Ormachea, Américo
_931050
700 _aGutiérrez Samanez, José Carlos
_946831
700 _aCalvo Calvo, Rossano
_944156
700 _aRosas Paravicino, Enrique
_9417
700 _aPacheco Farfán, Juvenal
_947680
700 _aAmado Gonzáles, Donato
_945219
942 _2ddc
_cPP
945 _arac